Sports Quiz

Random Sports or Football Quiz
Score 0/31 Timer 06:00
0 Plays Today
% Correct
Borussia Dortmund
100%
Bayern München
97.9%
Werder Bremen
97.9%
Schalke 04
95.7%
Eintracht Frankfurt
95.7%
Nürnberg
94.7%
Mainz
93.6%
Wolfsburg
93.6%
Hertha Berlin
92.6%
Bayer Leverkusen
91.5%
Hannover 96
91.5%
Freiburg
90.4%
Augsburg
90.4%
Köln
90.4%
Stuttgart
90.4%
Bochum
89.4%
% Correct
Fortuna Düsseldorf
89.4%
Hoffenheim
89.4%
Hamburg
89.4%
RB Leipzig
88.3%
1860 München
87.2%
Borussia Mönchengladbach
86.2%
Alemannia Aachen
85.1%
Union Berlin
85.1%
Kaiserslautern
85.1%
Karlsruhe
80.9%
Duisburg
76.6%
Braunschweig
74.5%
Rot-Weiss Essen
63.8%
Uerdingen
53.2%
Kickers Offenbach
52.1%
Remove Ads.
Support Sporcle.
Get the best of Sporcle when you Go Orange. This ad-free experience offers more features, more stats, and more fun while also helping to support Sporcle. Thank you for becoming a member.

You're not logged in!

Compare scores with friends on all Sporcle quizzes.
OR
Log In

Sporcle TV

Today on Sporcle TV


Watch our educational content, quiz creation guides, and fun videos on Sporcle TV.

Show Comments

Extras

Top Quizzes Today


Score Distribution

Paid Content

Your Account Isn't Verified!

In order to create a playlist on Sporcle, you need to verify the email address you used during registration. Go to your Sporcle Settings to finish the process.

Report this User

Report this user for behavior that violates our Community Guidelines.

Details: